Completing your qualitative dissertation: A road map from beginning to end (Record no. 25433)

MARC details
000 -LEADER
fixed length control field 00535nam a2200181Ia 4500
008 - FIXED-LENGTH DATA ELEMENTS--GENERAL INFORMATION
fixed length control field 230917s9999||||xx |||||||||||||| ||und||
020 ## - ISBN
Price USD61
040 ## - CATALOGING SOURCE
-- 244791
Original cataloging agency VIVEKANANDA LIBRARY
041 ## - Language
-- English
082 ## - DDC NUMBER
Classification number 300.72 B623C(3)
100 ## - MAIN ENTRY--PERSONAL NAME
Personal name Bloomberg, Linda Dale
245 #0 - TITLE STATEMENT
Title Completing your qualitative dissertation: A road map from beginning to end
250 ## - EDITION STATEMENT
Edition statement 3rd ed.
260 ## - PUBLICATION, DISTRIBUTION, ETC. (IMPRINT)
Place of publication, distribution, etc California
Name of publisher, distributor, etc Sage Publications
Date of publication, distribution, etc 2016
300 ## - PHYSICAL DESCRIPTION
Pages xxxvii, 357 p.
500 ## - GENERAL NOTE
General note 3006 17/01/2018 HBD18/7328 09/03/2018 IHTM (SFS)
942 ## - ADDED ENTRY ELEMENTS (KOHA)
Koha item type Books
Holdings
Withdrawn status Lost status Damaged status Not for loan Location (home branch) Sublocation or collection (holding branch) Shelving location Date acquired Koha issues (times borrowed) Koha full call number Accession No. Koha date last seen Koha item type
        VIVEKANANDA LIBRARY VIVEKANANDA LIBRARY IHTM Library 20/04/2018   300.72 B623C(3) 372577 17/09/2023 Books
© Designed and Maintained by Vivekananda Library, MDU Rohtak